Statistics for Name Car Models Quiz

Click here to take the quiz!

General Stats

  • This quiz has been taken 26,069 times
    (17,615 since last reset)
  • The average score is 13 of 39

Answer Stats

BrandClassModel% Correct
FordCompactFocus
70%
HondaCompactCivic
65%
FordPickup TruckF-Series
65%
ToyotaCompactCorolla
62%
FordSubcompactFiesta
57%
HondaMid-SizeAccord
55%
ToyotaMid-SizeCamry
53%
DodgePickup TruckRam
53%
FordMid-SizeFusion
44%
NissanMid-SizeAltima
44%
ChevyPickup TruckSilverado
40%
DodgeFull-SizeCharger
38%
FordFull-SizeTaurus
37%
ToyotaPickup TruckTacoma
34%
HyundaiCompactElantra
34%
ChevyFull-SizeImpala
34%
ToyotaSubcompactPrius C
32%
HyundaiMid-SizeSonata
32%
ChevyMid-SizeMalibu
32%
NissanFull-SizeMaxima
32%
DodgeCompactDart
30%
FordCrossoverEscape
30%
HondaCrossoverCR-V
30%
NissanCompactSentra
28%
ToyotaCrossoverRAV4
27%
ChevyCompactCruze
26%
HondaSubcompactFit
22%
ToyotaFull-SizeAvalon
20%
HondaPickup TruckRidgeline
19%
HyundaiCrossoverSanta Fe
18%
ChevySubcompactSonic
17%
ChevyCrossoverEquinox
16%
NissanCrossoverRogue
16%
HyundaiSubcompactAccent
15%
NissanSubcompactVersa
14%
NissanPickup TruckFrontier
14%
DodgeMid-SizeAvenger
13%
HyundaiFull-SizeGenesis
13%
DodgeCrossoverJourney
9%

Score Distribution

Percentile by Number Answered

Percent of People with Each Score

Your Score History

You have not taken this quiz since the last reset